000
00204nam a22000857a 4500
008
170303b xxu||||| |||| 00| 0 eng d
100
_9
3021
_a
CCE
245
_a
English Language-X
260
_a
New Delhi
_b
GBP
_c
2010
999
_c
6263
_d
6263